Library Logo

Pioneer International University Library Catalogue

OUR BODIES, OURSELVES FOR THE NEW CENTURY: (Record no. 9947)

MARC details
000 -LEADER
fixed length control field 00607nam a22001697a 4500
003 - CONTROL NUMBER IDENTIFIER
control field OSt
005 - DATE AND TIME OF LATEST TRANSACTION
control field 20260209090307.0
008 - FIXED-LENGTH DATA ELEMENTS--GENERAL INFORMATION
fixed length control field 260209b |||||||| |||| 00| 0 eng d
020 ## - INTERNATIONAL STANDARD BOOK NUMBER
International Standard Book Number 0684842319
040 ## - CATALOGING SOURCE
Transcribing agency SIMON & SCHUSTER
050 ## - LIBRARY OF CONGRESS CALL NUMBER
Classification number RA 778 .N49 1998
Item number .N49 1998
245 ## - TITLE STATEMENT
Title OUR BODIES, OURSELVES FOR THE NEW CENTURY:
Remainder of title A BOOK BY AND FOR WOMEN/
Statement of responsibility, etc. The Boston Women's Health Book Collective.
250 ## - EDITION STATEMENT
Edition statement 4th edition
260 ## - PUBLICATION, DISTRIBUTION, ETC.
Place of publication, distribution, etc. NewYork:
Name of publisher, distributor, etc. Simon &Schuster ,Inc,
Date of publication, distribution, etc. 1998
300 ## - PHYSICAL DESCRIPTION
Extent 780 pages,
Other physical details Hardcover, ill.: col, includes bibliographic references and index.;
Dimensions 27.5 cm
942 ## - ADDED ENTRY ELEMENTS (KOHA)
Source of classification or shelving scheme Library of Congress Classification
Koha item type Books
Edition 4th ed.
Suppress in OPAC No
Holdings
Withdrawn status Lost status Source of classification or shelving scheme Damaged status Not for loan Home library Current library Date acquired Total checkouts Full call number Barcode Date last seen Price effective from Koha item type
    Library of Congress Classification     PIU Library Main Library 02/09/2026   RA 778 .N49 1998 PIUDL938 02/09/2026 02/09/2026 Books